Above the USA Quiz Stats

 Plays Quiz Updated Jul 3, 2013

Also try: North of Africa
Challenge
Share
Tweet
Score 0/15 Timer 02:00
3 Plays Today
Nearest Line Country % Correct
55°NSweden
95.9%
57°NNorway
95.4%
63°NIceland
94.8%
59°NFinland
93.8%
54°NDenmark
89.9%
49°NUnited Kingdom
86.8%
51°NIreland
81.3%
55°NLatvia
77.7%
Nearest Line Country % Correct
57°NEstonia
76.4%
50°NNetherlands
74.9%
53°NLithuania
74.5%
49°NPoland
71.3%
49°NBelgium
70.6%
49°NLuxembourg
57.1%
51°NBelarus
56.4%

You're not logged in!

Compare scores with friends on all Sporcle quizzes.
Join for Free
OR
Log In

You Might Also Like...

Show Comments

Extras

Top Quizzes Today


Score Distribution

Your Account Isn't Verified!

In order to create a playlist on Sporcle, you need to verify the email address you used during registration. Go to your Sporcle Settings to finish the process.

Report this User

Report this user for behavior that violates our Community Guidelines.

Details: